[Event "Europa ch s-18"]
[Site "Herceg Novi MNT"]
[Date "2008.09.18"]
[Round "4.29"]
[White "Gluszko, Tomasz"]
[Black "Homatidis, Panagiotis"]
[Result "1/2-1/2"]
[WhiteElo "2225"]
[BlackElo "2037"]
[PlyCount "110"]
[EventDate "2008.09.15"]
[EventType "swiss"]
[EventRounds "9"]
[Source "lmi"]
[SourceDate "2008.09.15"]

1. d4 Nf6 2. Nf3 e6 3. c4 d5 4. g3 dxc4 5. Bg2 Bb4+ 6. Bd2 Bxd2+ 7. Nbxd2 O-O
8. Nxc4 Qe7 9. Qb3 Nbd7 10. Rc1 c5 11. dxc5 Nxc5 12. Qa3 Re8 13. Nb6 Nd3+ 14.
Qxd3 axb6 15. Qb3 Nd5 16. Ne5 Qg5 17. Nd3 Bd7 18. h4 Qf6 19. O-O Ba4 20. Qc4
Bc6 21. a3 Ne7 22. Qb3 Bxg2 23. Kxg2 Qd4 24. Nb4 Qe5 25. Rc2 Nf5 26. Rd2 Rad8
27. Rfd1 Rxd2 28. Rxd2 Kf8 29. Qf3 Nd6 30. Nd3 Qe4 31. Qxe4 Nxe4 32. Rc2 f6 33.
Rc4 Nd6 34. Rb4 b5 35. Kf3 Rc8 36. e4 e5 37. Ke2 Ke7 38. Kd2 Rc4 39. f3 Kd7 40.
Rb3 Rd4 41. Ke2 Rc4 42. Kd2 Rd4 43. Kc2 Rc4+ 44. Rc3 Kc6 45. b3 Rxc3+ 46. Kxc3
Ne8 47. f4 Nd6 48. Nb4+ Kc5 49. Kd3 f5 50. fxe5 Nxe4 51. Ke3 Nxg3 52. Kf4 Ne2+
53. Kxf5 Nd4+ 54. Ke4 Nxb3 55. Nd3+ Kc6 1/2-1/2

[Event "Europa ch s-18"]
[Site "Herceg Novi MNT"]
[Date "2008.09.18"]
[Round "4.30"]
[White "Nikologorsky, Matfei"]
[Black "Ivanovic, Lazar"]
[Result "1-0"]
[WhiteElo "2197"]
[BlackElo "1718"]
[PlyCount "93"]
[EventDate "2008.09.15"]
[EventType "swiss"]
[EventRounds "9"]
[Source "lmi"]
[SourceDate "2008.09.15"]

1. Nf3 Nf6 2. c4 d6 3. Nc3 Nbd7 4. d4 e5 5. e4 Be7 6. Bd3 O-O 7. O-O Re8 8. d5
a5 9. h3 h6 10. Be3 Nh7 11. a3 Ng5 12. Ne1 Nf8 13. b4 Ng6 14. Ne2 Nxh3+ 15.
gxh3 Bxh3 16. Ng2 Nh4 17. Nxh4 Bxf1 18. Qxf1 Bxh4 19. Ng3 Bg5 20. Re1 Bf4 21.
b5 Qg5 22. Qh3 Rac8 23. Kh1 Bxe3 24. Rxe3 Kh7 25. b6 g6 26. Rf3 Qe7 27. Nf1
cxb6 28. Ne3 Rh8 29. Nf5 Qf8 30. Nxd6 Rc7 31. Nb5 Re7 32. d6 Re6 33. c5 Qg7 34.
Nc7 Rf6 35. Nd5 Rxf3 36. Qxf3 Rd8 37. Nxb6 Kh8 38. Bc4 f5 39. d7 Rxd7 40. Nxd7
Qxd7 41. exf5 gxf5 42. Qd5 Qe8 43. Qf7 Qd8 44. Qh5 Qf8 45. Qg6 e4 46. Be6 f4
47. Bf5 1-0

[Event "Europa ch s-18"]
[Site "Herceg Novi MNT"]
[Date "2008.09.18"]
[Round "4.35"]
[White "Thorgeirsson, Sverrir"]
[Black "Acarbay, Aydin"]
[Result "0-1"]
[WhiteElo "2102"]
[BlackElo "1825"]
[PlyCount "68"]
[EventDate "2008.09.15"]
[EventType "swiss"]
[EventRounds "9"]
[Source "lmi"]
[SourceDate "2008.09.15"]

1. d4 Nf6 2. Nf3 c5 3. e3 d5 4. dxc5 e6 5. b4 a5 6. c3 axb4 7. cxb4 b6 8. Bb5+
Bd7 9. Bxd7+ Nbxd7 10. a4 bxc5 11. b5 Bd6 12. Bb2 e5 13. e4 O-O 14. exd5 e4 15.
Nfd2 e3 16. fxe3 Nxd5 17. Qf3 Nxe3 18. Kf2 Ne5 19. Qe2 N5g4+ 20. Kg1 Qc7 21.
Nf3 Nd5 22. h3 Rfe8 23. Qd2 Bf4 24. Qxd5 Be3+ 25. Kf1 Qg3 26. Ke2 Qf2+ 27. Kd3
Rad8 28. Nc3 Rxd5+ 29. Nxd5 Qxb2 30. hxg4 Qb3+ 31. Nc3 c4+ 32. Ke2 Qc2+ 33. Ke1
Qxc3+ 34. Ke2 Qc2+ 0-1

[Event "Europa ch s-18"]
[Site "Herceg Novi MNT"]
[Date "2008.09.18"]
[Round "4.37"]
[White "Nitelea, Barbu Alexandru"]
[Black "Pasku, Llambi"]
[Result "1-0"]
[WhiteElo "2066"]
[BlackElo "2086"]
[PlyCount "47"]
[EventDate "2008.09.15"]
[EventType "swiss"]
[EventRounds "9"]
[Source "lmi"]
[SourceDate "2008.09.15"]

1. e4 c6 2. d4 d5 3. exd5 cxd5 4. c4 Nf6 5. Nc3 e6 6. a3 Be7 7. Nf3 O-O 8. c5
a5 9. Bf4 Nc6 10. Na4 Nd7 11. Rc1 Bf6 12. Bd3 e5 13. dxe5 Ndxe5 14. Nb6 Nxd3+
15. Qxd3 Re8+ 16. Kf1 Ra6 17. b3 Bb2 18. Rd1 Bxa3 19. Nxd5 Ra7 20. Bc7 Qd7 21.
Bb6 Qg4 22. Bxa7 Nxa7 23. Ne7+ Kh8 24. Qd8 1-0

[Event "Europa ch s-18"]
[Site "Herceg Novi MNT"]
[Date "2008.09.19"]
[Round "5.2"]
[White "Krejci, Jan"]
[Black "Swiercz, Dariusz"]
[Result "0-1"]
[WhiteElo "2305"]
[BlackElo "2456"]
[PlyCount "114"]
[EventDate "2008.09.15"]
[EventType "swiss"]
[EventRounds "9"]
[Source "lmi"]
[SourceDate "2008.09.15"]

1. e4 c5 2. Nf3 d6 3. d4 cxd4 4. Nxd4 Nf6 5. Nc3 a6 6. Be3 e5 7. Nb3 Be7 8. Qd2
Ng4 9. Bc4 Nxe3 10. Qxe3 Nd7 11. O-O O-O 12. Rad1 b5 13. Bd5 Rb8 14. a3 Nf6 15.
Nc1 Qb6 16. Qxb6 Rxb6 17. Nd3 a5 18. Bb3 Bb7 19. f3 Bc6 20. a4 b4 21. Nb1 Nd7
22. Nd2 Ra6 23. Nc4 Nb6 24. Nxb6 Rxb6 25. Nf2 h5 26. Rd3 Bb7 27. Re1 Rc8 28.
Nd1 Bg5 29. Kf2 Kf8 30. Ne3 Bxe3+ 31. Kxe3 Ke7 32. Red1 g6 33. h4 f5 34. g3
fxe4 35. fxe4 Rf8 36. R3d2 Rf6 37. Bc4 Bc6 38. Bd5 Bd7 39. Bb3 Bg4 40. Rd5 Bxd1
41. Rxd1 Rc6 42. Rd5 Rc5 43. Rd1 Kf8 44. Rd2 Kg7 45. Rd3 Kh6 46. Rd2 g5 47. Rd3
gxh4 48. gxh4 Kg7 49. Rd1 Rf4 50. Rxd6 Rxh4 51. Rb6 Rf4 52. Rb5 Rxb5 53. axb5
Rf6 54. c4 bxc3 55. bxc3 h4 56. Bd1 h3 57. Bf3 a4 0-1

[Event "Europa ch s-18"]
[Site "Herceg Novi MNT"]
[Date "2008.09.19"]
[Round "5.3"]
[White "Panocki, Adrian"]
[Black "Rozum, Ivan"]
[Result "1/2-1/2"]
[WhiteElo "2338"]
[BlackElo "2444"]
[PlyCount "70"]
[EventDate "2008.09.15"]
[EventType "swiss"]
[EventRounds "9"]
[Source "lmi"]
[SourceDate "2008.09.15"]

1. d4 Nf6 2. c4 g6 3. Nc3 Bg7 4. e4 d6 5. f3 O-O 6. Be3 Nc6 7. Nge2 a6 8. Qd2
Rb8 9. Nc1 e5 10. d5 Nd4 11. Nb3 c5 12. dxc6 bxc6 13. Nxd4 exd4 14. Bxd4 Re8
15. Be2 d5 16. cxd5 cxd5 17. e5 Nd7 18. f4 Bh6 19. Be3 Nxe5 20. fxe5 Bxe3 21.
Qxe3 d4 22. Qf2 dxc3 23. bxc3 Rxe5 24. O-O Qc7 25. Bd3 a5 26. Rac1 Be6 27. Rfd1
Rh5 28. h3 Rc5 29. c4 Rc8 30. Rc3 Qc6 31. Rdc1 Rd8 32. Be4 Qc7 33. Bd3 Rc8 34.
Be2 Qe5 35. Qe3 Qc7 1/2-1/2

[Event "Europa ch s-18"]
[Site "Herceg Novi MNT"]
[Date "2008.09.19"]
[Round "5.5"]
[White "Recuero Guerra, David"]
[Black "Saric, Ivan"]
[Result "1/2-1/2"]
[WhiteElo "2417"]
[BlackElo "2511"]
[PlyCount "86"]
[EventDate "2008.09.15"]
[EventType "swiss"]
[EventRounds "9"]
[Source "lmi"]
[SourceDate "2008.09.15"]

1. e4 e5 2. Nf3 Nc6 3. Bb5 a6 4. Bxc6 dxc6 5. O-O Bg4 6. h3 h5 7. d3 Qf6 8.
Nbd2 Ne7 9. Re1 Ng6 10. d4 Bd6 11. hxg4 hxg4 12. Nh2 Rxh2 13. Qxg4 Qh4 14. Qxh4
Rxh4 15. Nf3 Rh5 16. dxe5 Nxe5 17. Nxe5 Bxe5 18. c3 O-O-O 19. Be3 Re8 20. Kf1
Bd6 21. f3 f5 22. Ke2 fxe4 23. f4 Rh2 24. Rg1 Kd7 25. Raf1 Ke6 26. Rf2 c5 27.
c4 g6 28. Bd2 Be7 29. Ke3 Bf6 30. Bc3 Bxc3 31. bxc3 b5 32. cxb5 axb5 33. Kxe4
Ra8 34. Re1 Ra3 35. Re3 Rh1 36. g4 Rc1 37. f5+ gxf5+ 38. gxf5+ Kf6 39. Kd5
Rcxc3 40. Re6+ Kf7 41. Rc6 Rf3 42. Rxf3 Rxf3 43. Rxc7+ Kf6 1/2-1/2

[Event "Europa ch s-18"]
[Site "Herceg Novi MNT"]
[Date "2008.09.19"]
[Round "5.7"]
[White "Piorun, Kacper"]
[Black "Martinovic, Sasa"]
[Result "1-0"]
[WhiteElo "2445"]
[BlackElo "2395"]
[PlyCount "89"]
[EventDate "2008.09.15"]
[EventType "swiss"]
[EventRounds "9"]
[Source "lmi"]
[SourceDate "2008.09.15"]

1. e4 c5 2. Nf3 Nc6 3. d4 cxd4 4. Nxd4 Nf6 5. Nc3 e5 6. Ndb5 d6 7. Bg5 a6 8.
Na3 b5 9. Nd5 Be7 10. Bxf6 Bxf6 11. c4 b4 12. Nc2 a5 13. g3 Bg5 14. Bg2 O-O 15.
O-O Ne7 16. Nde3 Bxe3 17. Nxe3 Be6 18. Qd3 Qd7 19. f4 exf4 20. gxf4 Bh3 21. f5
Bxg2 22. Kxg2 f6 23. c5 Rad8 24. Rfd1 Nc8 25. Qc4+ Kh8 26. c6 Qe8 27. Nd5 Qh5
28. Rf1 Rde8 29. Rae1 Re5 30. c7 Rfe8 31. Rf3 Qh4 32. Rfe3 g6 33. fxg6 Rg8 34.
Qf1 Rxg6+ 35. Kh1 Kg7 36. Rh3 Qg4 37. Nf4 Rgg5 38. Ree3 Qd7 39. Nd5 Rg6 40.
Qxf6+ Rxf6 41. Rxh7+ Kxh7 42. Nxf6+ Kh6 43. Nxd7 Re7 44. Rh3+ Kg7 45. Rg3+ 1-0

[Event "Europa ch s-18"]
[Site "Herceg Novi MNT"]
[Date "2008.09.19"]
[Round "5.8"]
[White "Dzalbo, Andrejs"]
[Black "Chirila, Ioan Cristian"]
[Result "0-1"]
[WhiteElo "2102"]
[BlackElo "2425"]
[PlyCount "72"]
[EventDate "2008.09.15"]
[EventType "swiss"]
[EventRounds "9"]
[Source "lmi"]
[SourceDate "2008.09.15"]

1. d4 f5 2. g3 Nf6 3. Bg2 e6 4. c3 d5 5. Bf4 c5 6. Nf3 Nc6 7. e3 Be7 8. Nbd2
O-O 9. O-O b6 10. Ne5 Nxe5 11. Bxe5 Bb7 12. Bxf6 Bxf6 13. f4 Rc8 14. Nf3 h6 15.
Rf2 Qe7 16. Bf1 c4 17. Ne5 Bxe5 18. fxe5 Bc6 19. b4 a5 20. a3 Ra8 21. Rb2 Qd7
22. b5 Bxb5 23. Qb1 Ba4 24. Rxb6 Bb3 25. Rd6 Qe7 26. a4 Rfd8 27. Rb6 Rdb8 28.
Rd6 Bxa4 29. Qc1 Be8 30. Qa3 Rb3 31. Qc5 Rb5 32. Qa3 a4 33. Be2 Rb3 34. Qc5 a3
35. Bxc4 dxc4 36. Qxc4 Qb7 0-1

[Event "Europa ch s-18"]
[Site "Herceg Novi MNT"]
[Date "2008.09.19"]
[Round "5.11"]
[White "Potapov, Pavel"]
[Black "Narmontas, Matas"]
[Result "1-0"]
[WhiteElo "2418"]
[BlackElo "2369"]
[PlyCount "99"]
[EventDate "2008.09.15"]
[EventType "swiss"]
[EventRounds "9"]
[Source "lmi"]
[SourceDate "2008.09.15"]

1. e4 c5 2. c3 e6 3. d4 d5 4. exd5 Qxd5 5. Nf3 Nf6 6. Bd3 Nc6 7. O-O cxd4 8.
cxd4 Be7 9. Nc3 Qd6 10. a3 O-O 11. Be3 a6 12. Qc2 e5 13. d5 Nxd5 14. Nxd5 Qxd5
15. Bxh7+ Kh8 16. Rfd1 Qe6 17. Be4 Bd7 18. Bd5 Qf5 19. Qxf5 Bxf5 20. Bxc6 bxc6
21. Nxe5 Bf6 22. Bd4 Bxe5 23. Bxe5 Rfe8 24. Re1 Rad8 25. f3 Re6 26. Bc3 Rde8
27. Rxe6 Rxe6 28. Rd1 Kh7 29. Kf2 Bc2 30. Rd7 f6 31. h4 Bb3 32. g4 Bd5 33. h5
Bc4 34. Kg3 Bd5 35. Bd4 Kh6 36. Kf2 Kh7 37. Bc3 Bc4 38. a4 Bb3 39. a5 Bc4 40.
Kg3 Bd5 41. Bd4 Kh6 42. Bc5 Re8 43. Be7 Rg8 44. f4 f5 45. Rd6+ Kh7 46. g5 Rb8
47. b4 Rb7 48. g6+ Kh6 49. Kh4 Rxe7 50. Rd8 1-0

[Event "Europa ch s-18"]
[Site "Herceg Novi MNT"]
[Date "2008.09.19"]
[Round "5.14"]
[White "Hayrapetian, Ovik"]
[Black "Baryshpolets, Andrey"]
[Result "0-1"]
[WhiteElo "2367"]
[BlackElo "2413"]
[PlyCount "90"]
[EventDate "2008.09.15"]
[EventType "swiss"]
[EventRounds "9"]
[Source "lmi"]
[SourceDate "2008.09.15"]

1. d4 Nf6 2. c4 g6 3. Nc3 Bg7 4. Nf3 O-O 5. Bg5 d6 6. e3 Nbd7 7. Be2 e5 8. Qc2
c6 9. h3 Re8 10. O-O exd4 11. Nxd4 Qb6 12. Rfd1 Nc5 13. Bf4 Bf8 14. g4 Be6 15.
Rab1 a5 16. a3 a4 17. g5 Nfd7 18. Nxe6 Nxe6 19. Bxd6 Nxg5 20. h4 Ne6 21. Bxf8
Nexf8 22. Nxa4 Qd8 23. h5 Qg5+ 24. Kf1 Qh4 25. Bf3 Ne5 26. Bg2 Ng4 27. Nb6 Ra5
28. e4 Rg5 29. Rd3 Nh2+ 30. Kg1 Qf4 31. Qd1 Ng4 32. Rf3 Qh2+ 33. Kf1 Ne3+ 34.
Rxe3 Rxg2 35. Qc2 Rg1+ 36. Ke2 Qxh5+ 37. Kd3 Rd8+ 38. Nd5 Rxb1 39. Qxb1 cxd5
40. cxd5 Nd7 41. f4 Qh2 42. Rf3 Qg2 43. Ke3 Nf6 44. Qf1 Qxb2 45. f5 Qxa3+ 0-1

[Event "Europa ch s-18"]
[Site "Herceg Novi MNT"]
[Date "2008.09.19"]
[Round "5.15"]
[White "Levin, Evgeny A"]
[Black "Katov, Luboslav"]
[Result "1/2-1/2"]
[WhiteElo "2488"]
[BlackElo "2242"]
[PlyCount "87"]
[EventDate "2008.09.15"]
[EventType "swiss"]
[EventRounds "9"]
[Source "lmi"]
[SourceDate "2008.09.15"]

1. d4 Nf6 2. c4 e6 3. Nc3 Bb4 4. e3 O-O 5. Bd3 d5 6. cxd5 exd5 7. Nge2 Re8 8.
O-O Bd6 9. f3 c5 10. Bd2 Nc6 11. Rc1 a6 12. Bb1 h6 13. Kh1 cxd4 14. exd4 Na5
15. Re1 Nc4 16. Bf4 Be6 17. b3 Nb6 18. Qd2 Ba3 19. Rcd1 Rc8 20. Qd3 Nbd7 21.
Bd2 Nf8 22. Nf4 Bd6 23. g4 Qc7 24. Nce2 Bd7 25. a4 b5 26. a5 b4 27. Qxa6 Ra8
28. Qb6 Qxb6 29. axb6 Reb8 30. h4 Ne6 31. Nxe6 fxe6 32. Nf4 Rxb6 33. Kg2 Ra3
34. Nxe6 Rxb3 35. Nc5 Rb2 36. g5 Bf4 37. gxf6 Bb5 38. Re7 Bxd2 39. Rxg7+ Kf8
40. Kh3 Rxf6 41. Rb7 Rxf3+ 42. Kg4 Be2 43. Ne6+ Kg8 44. Rg7+ 1/2-1/2

[Event "Europa ch s-18"]
[Site "Herceg Novi MNT"]
[Date "2008.09.19"]
[Round "5.16"]
[White "Sarenac, David"]
[Black "Matsenko, Sergei"]
[Result "1/2-1/2"]
[WhiteElo "2222"]
[BlackElo "2440"]
[PlyCount "91"]
[EventDate "2008.09.15"]
[EventType "swiss"]
[EventRounds "9"]
[Source "lmi"]
[SourceDate "2008.09.15"]

1. e4 c5 2. Nf3 Nc6 3. d4 cxd4 4. Nxd4 Qc7 5. Nc3 e6 6. Be3 a6 7. Qd2 Nf6 8.
O-O-O Bb4 9. f3 Ne5 10. Nb3 b5 11. Qe1 Be7 12. f4 Ng6 13. e5 Ng4 14. Bd2 Bb7
15. h3 Nh6 16. Rg1 d6 17. exd6 Bxd6 18. g3 Rc8 19. Bd3 Bf3 20. Ne2 O-O 21. Qf2
Bd5 22. Ba5 Qb8 23. Kb1 Ne7 24. Bb6 Bc4 25. Ba7 Qc7 26. Bb6 Qb8 27. Ba7 Qc7 28.
Bb6 Qd7 29. Nc3 Nd5 30. Nxd5 exd5 31. g4 f6 32. Nd4 Rfe8 33. g5 fxg5 34. fxg5
Bxd3 35. Rxd3 Nf7 36. Nf5 Bf8 37. Bd4 Rc6 38. b3 Rce6 39. Kb2 a5 40. Rf3 a4 41.
h4 Re2 42. Nh6+ Nxh6 43. Rxf8+ Rxf8 44. Qxe2 Nf5 45. Qg4 Qd6 46. Rf1 1/2-1/2

[Event "Europa ch s-18"]
[Site "Herceg Novi MNT"]
[Date "2008.09.19"]
[Round "5.18"]
[White "Hanley, James L"]
[Black "Tereick, Benjamin"]
[Result "1/2-1/2"]
[WhiteElo "2243"]
[BlackElo "2382"]
[PlyCount "40"]
[EventDate "2008.09.15"]
[EventType "swiss"]
[EventRounds "9"]
[Source "lmi"]
[SourceDate "2008.09.15"]

1. e4 e6 2. d4 d5 3. Nd2 c5 4. Ngf3 Nf6 5. e5 Nfd7 6. c3 Be7 7. Bd3 b6 8. Qe2
a5 9. Nf1 Ba6 10. Bxa6 Nxa6 11. Ng3 Nc7 12. h4 h6 13. Be3 c4 14. Nd2 b5 15. Qg4
g6 16. h5 g5 17. f4 f5 18. exf6 Nxf6 19. Qe2 Qd6 20. O-O O-O-O 1/2-1/2

[Event "Europa ch s-18"]
[Site "Herceg Novi MNT"]
[Date "2008.09.19"]
[Round "5.20"]
[White "Shukh, Nikolai"]
[Black "Hansen, Martin"]
[Result "1-0"]
[WhiteElo "2370"]
[BlackElo "2128"]
[PlyCount "43"]
[EventDate "2008.09.15"]
[EventType "swiss"]
[EventRounds "9"]
[Source "lmi"]
[SourceDate "2008.09.15"]

1. e4 e5 2. Nf3 Nc6 3. Bb5 a6 4. Ba4 Nf6 5. O-O Be7 6. Re1 b5 7. Bb3 d6 8. c3
O-O 9. h3 Na5 10. Bc2 c5 11. d4 Qc7 12. Nbd2 cxd4 13. cxd4 Nc6 14. Nf1 exd4 15.
Bf4 Nd7 16. Rc1 Qb6 17. Bb3 Bb7 18. Ng3 Nde5 19. Nf5 Rae8 20. Bd5 Bc8 21. Nxe5
Nxe5 22. Rxc8 1-0

[Event "Europa ch s-18"]
[Site "Herceg Novi MNT"]
[Date "2008.09.19"]
[Round "5.22"]
[White "Kulakov, Viacheslav"]
[Black "Omarsson, Dadi"]
[Result "1/2-1/2"]
[WhiteElo "2360"]
[BlackElo "2029"]
[PlyCount "47"]
[EventDate "2008.09.15"]
[EventType "swiss"]
[EventRounds "9"]
[Source "lmi"]
[SourceDate "2008.09.15"]

1. d4 Nf6 2. c4 g6 3. Nc3 Bg7 4. e4 d6 5. f4 O-O 6. Nf3 c5 7. Be2 cxd4 8. Nxd4
Nc6 9. Nxc6 bxc6 10. O-O Qa5 11. Be3 Rb8 12. Rb1 Rd8 13. Kh1 d5 14. cxd5 cxd5
15. e5 d4 16. exf6 dxe3 17. fxe7 Re8 18. b4 Rxb4 19. Rxb4 Qxb4 20. Nd5 Qa5 21.
a4 a6 22. Nxe3 Rxe7 23. Nc4 Qc7 24. a5 1/2-1/2

[Event "Europa ch s-18"]
[Site "Herceg Novi MNT"]
[Date "2008.09.19"]
[Round "5.23"]
[White "Green, Andrew D"]
[Black "Blomqvist, Erik"]
[Result "1/2-1/2"]
[WhiteElo "2038"]
[BlackElo "2322"]
[PlyCount "46"]
[EventDate "2008.09.15"]
[EventType "swiss"]
[EventRounds "9"]
[Source "lmi"]
[SourceDate "2008.09.15"]

1. e4 c5 2. Nf3 d6 3. d4 cxd4 4. Nxd4 Nf6 5. Nc3 a6 6. Be3 e5 7. Nf3 Be7 8. Bc4
O-O 9. O-O Be6 10. Bxe6 fxe6 11. Na4 Nfd7 12. Qd3 b5 13. Nc3 Nf6 14. a4 b4 15.
Nb1 Nc6 16. c4 h6 17. Rd1 Qe8 18. Nbd2 Qg6 19. Rac1 Rac8 20. Ne1 Kh8 21. f3 a5
22. Nb3 Qe8 23. Bb6 Bd8 1/2-1/2

[Event "Europa ch s-18"]
[Site "Herceg Novi MNT"]
[Date "2008.09.19"]
[Round "5.26"]
[White "Homatidis, Panagiotis"]
[Black "Samolins, Vitalijs"]
[Result "0-1"]
[WhiteElo "2037"]
[BlackElo "2444"]
[PlyCount "68"]
[EventDate "2008.09.15"]
[EventType "swiss"]
[EventRounds "9"]
[Source "lmi"]
[SourceDate "2008.09.15"]

1. e4 e5 2. Nf3 Nc6 3. Bb5 g6 4. c3 a6 5. Bc4 Bg7 6. O-O d6 7. d4 Nge7 8. h3
O-O 9. Bg5 h6 10. Bxe7 Qxe7 11. Re1 exd4 12. cxd4 Qf6 13. e5 dxe5 14. dxe5 Qf4
15. Qe2 Re8 16. Qd3 Nxe5 17. Nxe5 Rxe5 18. Rxe5 Bxe5 19. Qd8+ Kg7 20. Nd2 Bg4
21. g3 Rxd8 22. gxf4 Bxh3 23. fxe5 Rxd2 24. b3 b5 25. Bf1 Bxf1 26. Kxf1 Rd5 27.
Re1 Kf8 28. e6 f6 29. e7+ Ke8 30. Re6 Rd6 31. Re3 c5 32. Kg2 c4 33. bxc4 bxc4
34. Rg3 Rc6 0-1

[Event "Europa ch s-18"]
[Site "Herceg Novi MNT"]
[Date "2008.09.19"]
[Round "5.29"]
[White "Acarbay, Aydin"]
[Black "Gluszko, Tomasz"]
[Result "1/2-1/2"]
[WhiteElo "1825"]
[BlackElo "2225"]
[PlyCount "46"]
[EventDate "2008.09.15"]
[EventType "swiss"]
[EventRounds "9"]
[Source "lmi"]
[SourceDate "2008.09.15"]

1. d4 Nf6 2. c4 g6 3. g3 Bg7 4. Bg2 c5 5. Nf3 O-O 6. O-O cxd4 7. Nxd4 Nc6 8.
Nc3 d6 9. Nc2 Be6 10. Ne3 Nd7 11. Bd2 Nc5 12. Rb1 a5 13. Ned5 Nb4 14. Bg5 Bxd5
15. Nxd5 Nxd5 16. Qxd5 Qc7 17. b3 Rab8 18. Rfc1 Rfc8 19. h4 e6 20. Qd2 b5 21.
cxb5 Rxb5 22. Bf4 Bf8 23. e4 Qe7 1/2-1/2

[Event "Europa ch s-18"]
[Site "Herceg Novi MNT"]
[Date "2008.09.19"]
[Round "5.31"]
[White "Ivanovic, Lazar"]
[Black "Froewis, Georg"]
[Result "0-1"]
[WhiteElo "1718"]
[BlackElo "2269"]
[PlyCount "110"]
[EventDate "2008.09.15"]
[EventType "swiss"]
[EventRounds "9"]
[Source "lmi"]
[SourceDate "2008.09.15"]

1. d4 d5 2. c4 e6 3. cxd5 exd5 4. Nc3 c6 5. Nf3 Bf5 6. Bf4 Bd6 7. Bxd6 Qxd6 8.
e3 Nf6 9. Bd3 Bxd3 10. Qxd3 O-O 11. O-O Re8 12. Rfe1 Nbd7 13. Re2 Ne4 14. Nd2
Ndf6 15. f3 Nxd2 16. Qxd2 Rad8 17. Rd1 h6 18. e4 dxe4 19. fxe4 Ng4 20. e5 Rxe5
21. Rxe5 Nxe5 22. Qe2 Ng6 23. Qf2 Qf4 24. d5 cxd5 25. Qxf4 Nxf4 26. g3 Ne6 27.
Rxd5 f6 28. Kf2 Kf7 29. Ke3 Rxd5 30. Nxd5 f5 31. b4 g5 32. a4 Ke8 33. Kd3 Kd7
34. Ne3 Ng7 35. Kd4 Ke6 36. Nc4 Ne8 37. b5 Nd6 38. Nd2 f4 39. g4 b6 40. h3 Nb7
41. Nf3 Nc5 42. Ne5 Nxa4 43. Nc6 f3 44. Ke3 Nc3 45. Nxa7 Kd5 46. Kxf3 Kc5 47.
Ke3 Nxb5 48. Nc8 Nd6 49. Nxb6 Kxb6 50. Kd4 Kc7 51. Ke5 Kd7 52. Kf6 Ne4+ 53. Kf5
Nf2 54. h4 gxh4 55. Kf4 Nh3+ 0-1

[Event "Europa ch s-18"]
[Site "Herceg Novi MNT"]
[Date "2008.09.19"]
[Round "5.32"]
[White "Hrabusa, Matej"]
[Black "Bomans, Arno"]
[Result "0-1"]
[WhiteElo "2246"]
[BlackElo "2020"]
[PlyCount "74"]
[EventDate "2008.09.15"]
[EventType "swiss"]
[EventRounds "9"]
[Source "lmi"]
[SourceDate "2008.09.15"]

1. e4 e5 2. Nf3 d6 3. d4 Nf6 4. Nc3 Nbd7 5. Bc4 Be7 6. O-O O-O 7. a4 c6 8. Re1
b6 9. d5 c5 10. Qd3 a6 11. Nh4 Ne8 12. Nf5 Ndf6 13. Qg3 Kh8 14. Ra3 g6 15. Nh6
Ng7 16. Be2 Nfh5 17. Qh3 Bg5 18. Na2 f5 19. exf5 gxf5 20. Rg3 Bxc1 21. Nxc1 Nf6
22. Qh4 Ra7 23. Rh3 b5 24. f4 Re7 25. fxe5 dxe5 26. Rd1 c4 27. d6 Rd7 28. g4
Qb6+ 29. Kg2 Bb7+ 30. Bf3 fxg4 31. Nxg4 Nf5 32. Qxf6+ Rxf6 33. Nxf6 Ne3+ 34.
Kh1 Nxd1 35. Nxd7 Qf2 36. Rxh7+ Kxh7 37. Nf6+ Kg6 0-1

[Event "Europa ch s-18"]
[Site "Herceg Novi MNT"]
[Date "2008.09.19"]
[Round "5.37"]
[White "Pasku, Llambi"]
[Black "Wallin, Aleksi"]
[Result "1-0"]
[WhiteElo "2086"]
[BlackElo "1887"]
[PlyCount "55"]
[EventDate "2008.09.15"]
[EventType "swiss"]
[EventRounds "9"]
[Source "lmi"]
[SourceDate "2008.09.15"]

1. e4 c5 2. Nf3 e6 3. d4 cxd4 4. Nxd4 Nf6 5. Bd3 Nc6 6. Nxc6 bxc6 7. c4 d5 8.
cxd5 cxd5 9. exd5 Qxd5 10. Be2 Bb7 11. Qxd5 Nxd5 12. Bb5+ Kd8 13. O-O Bd6 14.
Na3 Bxa3 15. bxa3 Ke7 16. a4 f6 17. Re1 Kf7 18. Bd2 Rhd8 19. Rac1 e5 20. Ba5
Rac8 21. Bd7 Rxc1 22. Rxc1 Kg6 23. Rb1 Rb8 24. h3 Kf7 25. Bc6 Nb6 26. Bxb6 Ke6
27. Bxa7 Ra8 28. Rxb7 1-0

[Event "Europa ch s-18"]
[Site "Herceg Novi MNT"]
[Date "2008.09.21"]
[Round "6.1"]
[White "Can, Emre"]
[Black "Swiercz, Dariusz"]
[Result "1/2-1/2"]
[WhiteElo "2460"]
[BlackElo "2456"]
[PlyCount "106"]
[EventDate "2008.09.15"]
[EventType "swiss"]
[EventRounds "9"]
[Source "lmi"]
[SourceDate "2008.09.15"]

1. e4 e6 2. d4 d5 3. Nd2 Nf6 4. e5 Nfd7 5. Bd3 c5 6. c3 Nc6 7. Ne2 cxd4 8. cxd4
f6 9. exf6 Nxf6 10. Nf3 Bd6 11. O-O O-O 12. Bf4 Bxf4 13. Nxf4 Ne4 14. Qc1 Ng5
15. Nxg5 Qxg5 16. Ne2 Qf6 17. Qe3 a6 18. Rad1 Bd7 19. f4 Rae8 20. Bb1 Re7 21.
Qd3 g6 22. Qd2 Ref7 23. g3 Ne7 24. Rfe1 g5 25. Qe3 h6 26. Rd2 Qg7 27. Kh1 Rf6
28. Bd3 Be8 29. fxg5 hxg5 30. Ng1 Bg6 31. Nh3 Bxd3 32. Rxd3 Rg6 33. Qe5 Qxe5
34. Rxe5 Rf5 35. Re2 Nc6 36. Kg2 Kf8 37. Red2 Ke7 38. g4 Rf7 39. Ng1 Kd6 40.
Nf3 Rg8 41. Kg3 Rh7 42. Re2 Rf7 43. Red2 Rh7 44. a3 Rc7 45. Rc3 Rf7 46. b4 Rc7
47. Rdc2 Rf7 48. Rd2 Rc7 49. Re3 Rf7 50. h3 Rgg7 51. Rc3 Rg8 52. Rb3 Rfg7 53.
Ra2 Rf8 1/2-1/2

[Event "Europa ch s-18"]
[Site "Herceg Novi MNT"]
[Date "2008.09.21"]
[Round "6.4"]
[White "Salgado Lopez, Ivan"]
[Black "Panocki, Adrian"]
[Result "1-0"]
[WhiteElo "2532"]
[BlackElo "2338"]
[PlyCount "145"]
[EventDate "2008.09.15"]
[EventType "swiss"]
[EventRounds "9"]
[Source "lmi"]
[SourceDate "2008.09.15"]

1. e4 d6 2. d4 Nf6 3. Nc3 g6 4. Nf3 Bg7 5. Be2 O-O 6. O-O Bg4 7. h3 Bxf3 8.
Bxf3 e5 9. Ne2 Nbd7 10. c3 d5 11. exd5 e4 12. Bg4 Nb6 13. Nf4 Nxg4 14. hxg4
Nxd5 15. Qb3 Nxf4 16. Bxf4 Qc8 17. Rae1 Re8 18. Re3 c5 19. dxc5 Qxg4 20. Bd6 b6
21. Rfe1 Bh6 22. R3e2 bxc5 23. Qc4 Qe6 24. Qxe6 Rxe6 25. Bxc5 f5 26. f3 Rae8
27. fxe4 fxe4 28. Bxa7 Ra6 29. Bd4 Rxa2 30. b4 Rxe2 31. Rxe2 Bg7 32. Kf2 Bxd4+
33. cxd4 Rb8 34. Rb2 Kf7 35. Ke3 Ke6 36. Kxe4 Rb5 37. Kd3 Kd5 38. Kc3 Rb7 39.
Re2 Rc7+ 40. Kd3 Rc1 41. Re5+ Kd6 42. Rg5 Ke6 43. Re5+ Kd6 44. Rg5 Ke6 45. b5
Kd6 46. Ke3 Rc8 47. Ke4 Rc2 48. Rd5+ Ke6 49. Re5+ Kd6 50. Rg5 Rc3 51. Rd5+ Ke6
52. Rc5 Rg3 53. b6 Rb3 54. Rc6+ Kd7 55. d5 Rg3 56. Ke5 Rg5+ 57. Kd4 Rxg2 58.
Kc5 Rc2+ 59. Kb5 Rb2+ 60. Ka6 Ra2+ 61. Kb7 g5 62. Rc7+ Kd6 63. Rxh7 Kxd5 64.
Re7 g4 65. Re3 Ra4 66. Kc7 Rc4+ 67. Kb8 Rb4 68. b7 Kd4 69. Re8 g3 70. Rg8 Rb3
71. Kc7 Rc3+ 72. Kd6 Rb3 73. Rg4+ 1-0